Reflexiones sin eufemismos sobre el derecho disciplinario de las administraciones públicas (Registro nro. 24218)

Detalles MARC
000 -LEADER
fixed length control field 00364 a2200109 4500
001 - CONTROL NUMBER
control field ART_42443
005 - DATE AND TIME OF LATEST TRANSACTION
control field 20260410161842.0
008 - FIXED-LENGTH DATA ELEMENTS--GENERAL INFORMATION
fixed length control field 260409a
100 1# - MAIN ENTRY--PERSONAL NAME
Personal name Bastons, Jorge Luis
245 10 - TITLE STATEMENT
Title Reflexiones sin eufemismos sobre el derecho disciplinario de las administraciones públicas
773 0# - HOST ITEM ENTRY
Title RAP
Related parts - Año 39, Nº 463 (abr. 2017)
Record control number REV5941

No hay ítems disponibles.